Statistics for Random City to State

Click here to take the quiz!

General Stats

  • This quiz has been taken 16 times
  • The average score is 10 of 15

Answer Stats

CityAnswer% Correct
SacramentoCalifornia
100%
AnaheimCalifornia
92%
FargoNorth Dakota
85%
TacomaWashington
85%
AthensGeorgia
77%
UticaNew York
77%
ToledoOhio
77%
LubbockTexas
77%
CasperWyoming
77%
WorcesterMassachusetts
69%
PlanoTexas
69%
RockvilleMaryland
31%
Cape MayNew Jersey
31%
LewistonMaine
15%
Stony Creek MillsPennsylvania
8%

Score Distribution

Percentile by Number Answered

Percent of People with Each Score

Your Score History

You have not taken this quiz